000
00201 a2200097 4500
001
22667
100
_a
Terman, F E
245
_a
Radio Engineering
260
_a
_b
Mc Graw
_c
1951
090
_c
15317
_d
15317
942
_a
NUST-CAE
_c
M
_c
5911
999
_c
257740
_d
257740